Time in a Bottle Lyrics (Jim Croce) - Statistics

General Stats
  • This quiz has been taken 96 times
  • The average score is 131 of 166
Answer Stats
Answer % Correct
could
100%
I
100%
If
100%
a
98%
bottle
98%
in
98%
The
98%
the
98%
time
98%
you
98%
with
97%
day
92%
do
92%
to
92%
To
92%
every
90%
Is
90%
spend
90%
them
90%
then
90%
save
88%
that
88%
That
88%
and
87%
And
87%
first
87%
I'd
87%
like
87%
thing
87%
would
83%
be
82%
wishes
82%
true
80%
come
78%
for
78%
never
77%
eternity
75%
want
75%
Just
73%
just
73%
enough
72%
away
70%
find
70%
passes
70%
make
68%
Once
68%
things
68%
'Til
68%
last
65%
dreams
63%
forever
62%
But
60%
one
60%
seems
60%
there
60%
treasure
60%
Again
55%
box
55%
days
55%
know
55%
go
53%
had
53%
I've
53%
you're
53%
around
52%
Through
52%
through
52%
words
52%
by
45%
Of
45%
empty
43%
looked
43%
Except
40%
memory
40%
they
37%
how
35%
answered
33%
were
32%
No matching quizzes found
Score Distribution
Percent of People with Each Score
Percentile by Number Answered
Your Score History
You have not taken this quiz